LIBRARY & INFORMATION CENTRE, KCAET, TAVANUR

ONLINE PUBLIC ACCESS CATALOGUE (OPAC)

Selected poems at D.H. Lawrence / (Record no. 11715)

MARC details
000 -LEADER
fixed length control field 00285cam a2200121ua 4500
041 ## - LANGUAGE CODE
Language code of text/sound track or separate title eng
082 ## - DEWEY DECIMAL CLASSIFICATION NUMBER
Classification number 821
Item number KEV/SE
100 ## - MAIN ENTRY--AUTHOR NAME
Personal name Reeves, James .
245 ## - TITLE STATEMENT
Title Selected poems at D.H. Lawrence /
300 ## - PHYSICAL DESCRIPTION
Number of Pages 118 ; .

No items available.

free website counter